00922nam a22002897a 450000100090000000300040000900500170001300800410003001000170007102000150008803500220010303700600012504000130018504200100019805000240020808200230023210000280025524500780028324600420036126000550040330000190045850400530047752100210053052600190055154100060057056200560057613072507OSt20140310182849.0021004s2002 ph b 000 0 eng  a 2002359380 a9718280154 a(DLC) 2002359380 bLibrary of Congress -- Jakarta Overseas OfficecP280.00 aDLCcDLC alcode00aPS 9993b.B641 2002 aFIL 824 bB59 20021 aBlanco, Marivi Soliven.10aSuddenly statesidebfunny essays on Pinoy life in AmericacBlanco, Marivi30aFunny essays on Pinoy life in America aNew Manila, Q.C.bMilflores Publishing Inc.cc2002 a186 p.c23 cm. aIncludes bibliograhical references (p. 182-185). aCollege Students c1210L to 1700L j1 efor circulation. 1 copy available in the collection